000 01151cam a2200373Li 4500
001 73289
005 20230410132613.0
008 080905s2005 nyu g 000 j eng d
035 _a(OCoLC)ocn494335986
040 _aZWZ
_encafnor
_bfre
_cZWZ
020 _a0143039105
020 _a9780143039105
029 0 _aZWZ
_b127182780
035 _a(OCoLC)494335986
050 1 4 _aPR 6013
_bG799c 2005
082 0 0 _a823/.912
049 _aGRAL
100 1 _aGreene, Graham,
_d1904-1991
240 1 0 _aShort stories
245 1 0 _aComplete short stories /
_cGraham Greene ; introduction by Pico Iyer.
260 _aNew York :
_bPenguin Books,
_c2005.
300 _a1 vol (xx, 594 p.) ;
_c20 cm.
490 1 _aPenguin classics
504 _aBibliogr. p. [xvii]-xx.
505 0 _aTwenty-one stories -- A sense of reality -- May we borrow your husband? -- The last word and other stories
740 0 2 _aTwenty-one stories.
740 0 2 _aA sense of reality.
740 0 2 _aMay we borrow your husband?
740 0 2 _aThe last word and other stories.
830 0 _aPenguin classics.
942 _2lcc
_cbk
994 _aC0
_bDRFGD
946 _aRCH
999 _c84497
_d84497